<?xml version="1.0" encoding="UTF-8"?>
<record
    xmlns:xsi="http://www.w3.org/2001/XMLSchema-instance"
    xsi:schemaLocation="http://www.loc.gov/MARC21/slim http://www.loc.gov/standards/marcxml/schema/MARC21slim.xsd"
    xmlns="http://www.loc.gov/MARC21/slim">

  <leader>01260nam a22002657a 4500</leader>
  <controlfield tag="005">20230331072119.0</controlfield>
  <controlfield tag="008">200207b        sp ||||| |||| 00| 0 spa d</controlfield>
  <datafield tag="020" ind1=" " ind2=" ">
    <subfield code="a">847114901X</subfield>
  </datafield>
  <datafield tag="050" ind1="0" ind2="4">
    <subfield code="a">TD156 .R38 </subfield>
    <subfield code="b">S47 2000</subfield>
  </datafield>
  <datafield tag="050" ind1="0" ind2="4">
    <subfield code="a">TD791</subfield>
    <subfield code="b">S46 2000</subfield>
  </datafield>
  <datafield tag="100" ind1="1" ind2=" ">
    <subfield code="a">Seo&#xE1;nez Calvo, Mariano,</subfield>
    <subfield code="e">autor</subfield>
  </datafield>
  <datafield tag="245" ind1="1" ind2="0">
    <subfield code="a">Tratado de reciclado y recuperaci&#xF3;n de productos de los residuos</subfield>
    <subfield code="b"> : El reciclado de la naturaleza, El reciclado en el medio agrario, El reciclado y la recuperaci&#xF3;n en el medio urbano, El reciclado y la recuperaci&#xF3;n en el medio industrial, Casos pr&#xE1;cticos de cada sector. </subfield>
    <subfield code="c"> / Mariano Seo&#xE1;nez Calvo ; con la colaboraci&#xF3;n de Elena Bellas Velasco, Pedro Ladaria Sureda, Pilar Seo&#xE1;nez Oliet.</subfield>
  </datafield>
  <datafield tag="250" ind1=" " ind2=" ">
    <subfield code="a">1a ed.</subfield>
  </datafield>
  <datafield tag="260" ind1=" " ind2=" ">
    <subfield code="a">Madrid, Espa&#xF1;a :</subfield>
    <subfield code="b">Ediciones Mundi-Prensa,</subfield>
    <subfield code="c">2000</subfield>
  </datafield>
  <datafield tag="300" ind1=" " ind2=" ">
    <subfield code="a">605 p. ;</subfield>
    <subfield code="c">24 cm.</subfield>
  </datafield>
  <datafield tag="490" ind1=" " ind2="0">
    <subfield code="a">Ingenieria del Medio Ambiente</subfield>
  </datafield>
  <datafield tag="500" ind1=" " ind2=" ">
    <subfield code="a">Incluye bibliograf&#xED;a e &#xED;ndice</subfield>
  </datafield>
  <datafield tag="650" ind1=" " ind2="7">
    <subfield code="2">lemb</subfield>
    <subfield code="a">Residuos Industriales</subfield>
    <subfield code="x">Reciclaje</subfield>
  </datafield>
  <datafield tag="650" ind1=" " ind2="7">
    <subfield code="2">lemb</subfield>
    <subfield code="a">Basuras y aprovechamiento de basuras</subfield>
  </datafield>
  <datafield tag="650" ind1=" " ind2="7">
    <subfield code="2">lemb</subfield>
    <subfield code="a">Residuos s&#xF3;lidos</subfield>
    <subfield code="x">Reciclaje</subfield>
  </datafield>
  <datafield tag="700" ind1="1" ind2=" ">
    <subfield code="a">Bellas Velasco, Elena., </subfield>
    <subfield code="e">colaborador.</subfield>
  </datafield>
  <datafield tag="700" ind1="1" ind2=" ">
    <subfield code="a">Ladaria Sureda, Pedro., </subfield>
    <subfield code="e">colaborador.</subfield>
  </datafield>
  <datafield tag="700" ind1="1" ind2=" ">
    <subfield code="a">Seo&#xE1;nez Oliet, Pilar</subfield>
    <subfield code="e">colaborador</subfield>
  </datafield>
  <datafield tag="942" ind1=" " ind2=" ">
    <subfield code="2">lcc</subfield>
    <subfield code="c">LIB</subfield>
  </datafield>
  <datafield tag="999" ind1=" " ind2=" ">
    <subfield code="c">57694</subfield>
    <subfield code="d">57694</subfield>
  </datafield>
  <datafield tag="952" ind1=" " ind2=" ">
    <subfield code="1">0</subfield>
    <subfield code="2">lcc</subfield>
    <subfield code="4">0</subfield>
    <subfield code="7">0</subfield>
    <subfield code="a">LIC-013</subfield>
    <subfield code="b">LIC-013</subfield>
    <subfield code="c">GENERAL</subfield>
    <subfield code="d">2018-08-07</subfield>
    <subfield code="f">1a.</subfield>
    <subfield code="k">IT</subfield>
    <subfield code="o">TD156.R38 S47 2000</subfield>
    <subfield code="p">MVZ000005115</subfield>
    <subfield code="r">2018-08-07 00:00:00</subfield>
    <subfield code="t">C : 1</subfield>
    <subfield code="y">LIB</subfield>
  </datafield>
  <datafield tag="952" ind1=" " ind2=" ">
    <subfield code="1">0</subfield>
    <subfield code="2">lcc</subfield>
    <subfield code="4">0</subfield>
    <subfield code="7">0</subfield>
    <subfield code="a">LIC-013</subfield>
    <subfield code="b">LIC-013</subfield>
    <subfield code="c">GENERAL</subfield>
    <subfield code="d">2018-08-07</subfield>
    <subfield code="f">1a.</subfield>
    <subfield code="k">IT</subfield>
    <subfield code="o">TD156.R38 S47 2000</subfield>
    <subfield code="p">MVZ000005116</subfield>
    <subfield code="r">2018-08-07 00:00:00</subfield>
    <subfield code="t">C : 2</subfield>
    <subfield code="y">LIB</subfield>
  </datafield>
  <datafield tag="952" ind1=" " ind2=" ">
    <subfield code="1">0</subfield>
    <subfield code="2">lcc</subfield>
    <subfield code="4">0</subfield>
    <subfield code="7">0</subfield>
    <subfield code="a">INV-038</subfield>
    <subfield code="b">INV-038</subfield>
    <subfield code="c">GENERAL</subfield>
    <subfield code="d">2018-12-14</subfield>
    <subfield code="f">0</subfield>
    <subfield code="k">IT</subfield>
    <subfield code="o">TA145 S46 2000 C:1</subfield>
    <subfield code="p">BIIA000000871</subfield>
    <subfield code="r">2018-12-14 00:00:00</subfield>
    <subfield code="t">C:1</subfield>
    <subfield code="y">LIB</subfield>
  </datafield>
  <datafield tag="952" ind1=" " ind2=" ">
    <subfield code="1">0</subfield>
    <subfield code="2">lcc</subfield>
    <subfield code="4">0</subfield>
    <subfield code="7">0</subfield>
    <subfield code="a">INV-038</subfield>
    <subfield code="b">INV-038</subfield>
    <subfield code="c">GENERAL</subfield>
    <subfield code="d">2018-12-14</subfield>
    <subfield code="f">0</subfield>
    <subfield code="k">IT</subfield>
    <subfield code="o">TA145 S46 2000 C:2</subfield>
    <subfield code="p">BIIA000000872</subfield>
    <subfield code="r">2018-12-14 00:00:00</subfield>
    <subfield code="t">C:2</subfield>
    <subfield code="y">LIB</subfield>
  </datafield>
  <datafield tag="952" ind1=" " ind2=" ">
    <subfield code="1">0</subfield>
    <subfield code="2">lcc</subfield>
    <subfield code="4">0</subfield>
    <subfield code="7">0</subfield>
    <subfield code="a">INV-038</subfield>
    <subfield code="b">INV-038</subfield>
    <subfield code="c">GENERAL</subfield>
    <subfield code="d">2018-12-14</subfield>
    <subfield code="f">0</subfield>
    <subfield code="k">IT</subfield>
    <subfield code="o">TA145 S46 2000 C:3</subfield>
    <subfield code="p">BIIA000000873</subfield>
    <subfield code="r">2018-12-14 00:00:00</subfield>
    <subfield code="t">C:3</subfield>
    <subfield code="y">LIB</subfield>
  </datafield>
  <datafield tag="952" ind1=" " ind2=" ">
    <subfield code="1">0</subfield>
    <subfield code="2">lcc</subfield>
    <subfield code="4">0</subfield>
    <subfield code="7">0</subfield>
    <subfield code="a">INV-038</subfield>
    <subfield code="b">INV-038</subfield>
    <subfield code="c">GENERAL</subfield>
    <subfield code="d">2019-04-02</subfield>
    <subfield code="f">0</subfield>
    <subfield code="k">CA</subfield>
    <subfield code="o">TA145 S46 2000 C:4</subfield>
    <subfield code="p">BIIA000001338</subfield>
    <subfield code="r">2019-04-02 00:00:00</subfield>
    <subfield code="t">C:4</subfield>
    <subfield code="y">LIB</subfield>
  </datafield>
  <datafield tag="952" ind1=" " ind2=" ">
    <subfield code="1">0</subfield>
    <subfield code="2">lcc</subfield>
    <subfield code="4">0</subfield>
    <subfield code="7">0</subfield>
    <subfield code="a">INV-038</subfield>
    <subfield code="b">INV-038</subfield>
    <subfield code="c">GENERAL</subfield>
    <subfield code="d">2019-04-02</subfield>
    <subfield code="f">0</subfield>
    <subfield code="k">CA</subfield>
    <subfield code="o">TA145 S46 2000 C:5</subfield>
    <subfield code="p">BIIA000001339</subfield>
    <subfield code="r">2019-04-02 00:00:00</subfield>
    <subfield code="t">C:5</subfield>
    <subfield code="y">LIB</subfield>
  </datafield>
  <datafield tag="952" ind1=" " ind2=" ">
    <subfield code="1">0</subfield>
    <subfield code="2">lcc</subfield>
    <subfield code="4">0</subfield>
    <subfield code="7">0</subfield>
    <subfield code="a">UCIH</subfield>
    <subfield code="b">UCIH</subfield>
    <subfield code="c">GENERAL</subfield>
    <subfield code="d">2020-02-07</subfield>
    <subfield code="e">DGB-GENERICO</subfield>
    <subfield code="f">1a ed.</subfield>
    <subfield code="k">IT</subfield>
    <subfield code="o">TD791 S46 2000</subfield>
    <subfield code="p">BCU000009401</subfield>
    <subfield code="r">2020-02-07 00:00:00</subfield>
    <subfield code="t">1</subfield>
    <subfield code="v">826.00</subfield>
    <subfield code="y">LIB</subfield>
  </datafield>
  <datafield tag="952" ind1=" " ind2=" ">
    <subfield code="1">0</subfield>
    <subfield code="2">lcc</subfield>
    <subfield code="4">0</subfield>
    <subfield code="7">1</subfield>
    <subfield code="a">LIC-026</subfield>
    <subfield code="b">LIC-026</subfield>
    <subfield code="c">GENERAL</subfield>
    <subfield code="d">2023-03-31</subfield>
    <subfield code="f">1a ed.</subfield>
    <subfield code="i">IA</subfield>
    <subfield code="k">IT</subfield>
    <subfield code="l">0</subfield>
    <subfield code="o">TD791 S46 2000</subfield>
    <subfield code="p">BTM000002215</subfield>
    <subfield code="r">2023-03-31 00:00:00</subfield>
    <subfield code="t">1</subfield>
    <subfield code="v">1.00</subfield>
    <subfield code="y">LIB</subfield>
  </datafield>
</record>
